Statistics for Capitals A-Z

Click here to take the quiz!

General Stats

  • This quiz has been taken 24,232 times
  • The average score is 17 of 26

Answer Stats

Region Capital % Correct
HFinlandHelsinki
96%
JIsraelJerusalem
95%
MBavaria, GermanyMunich
91%
WNew ZealandWellington
89%
FTuscany, ItalyFlorence
89%
PWestern Australia, AustraliaPerth
88%
IPakistanIslamabad
87%
ZCroatiaZagreb
87%
QEcuadorQuito
84%
UMongoliaUlaanbaatar
79%
CByzantine Empire
(330-1453)
Constantinople
76%
KPoland (1038-1569)Krakow
75%
DBangladeshDhaka
75%
EAlberta, CanadaEdmonton
73%
RConfederate States of America
(1861-1865)
Richmond
58%
LTibet, ChinaLhasa
56%
VFrance (1940-1944)Vichy
55%
XShaanxi Province, ChinaXi'an
52%
OWashington, United StatesOlympia
52%
AKhmer Empire (802-1431)Angkor
47%
SHokkaido, JapanSapporo
45%
GBotswanaGaborone
43%
NGreenlandNuuk
43%
YMyanmar (1948-2005)Yangon
38%
TAztec Empire
(15th Century-1521)
Tenochtitlan
37%
BOrange Free State
(1854-1902)
Bloemfontein
31%

Score Distribution

Percentile by Number Answered

Percent of People with Each Score

Your Score History

You have not taken this quiz